[Event "GER-chT U20 Girls"]
[Site "Willingen"]
[Date "2021.06.24"]
[Round "2.2"]
[White "Flach, Helene"]
[Black "Wagner, Victoria"]
[Result "1-0"]
[WhiteElo "1749"]
[BlackElo "1727"]
[PlyCount "187"]
[EventDate "2021.06.23"]
[EventType "team-swiss"]
[EventRounds "7"]
[EventCountry "GER"]
[SourceTitle "CBM 203 Extra"]
[Source "ChessBase"]
[SourceDate "2021.09.30"]
[SourceVersion "1"]
[SourceVersionDate "2021.09.30"]
[SourceQuality "1"]
[WhiteTeam "Langen"]
[BlackTeam "Erfurt SK"]
[WhiteTeamCountry "GER"]
[BlackTeamCountry "GER"]

1. e4 c5 2. Nf3 d6 3. c3 Nf6 4. Bd3 Nc6 5. Bc2 e5 6. d4 Bd7 7. 0-0 Qc7 8. dxe5 dxe5 9. h3 0-0-0 10. Qe2 h6 11. Na3 a6 12. Nc4 g5 13. Nh2 Rg8 14. Ng4 Nxg4 15. hxg4 Ne7 16. Ne3 Kb8 17. a4 Be6 18. Rd1 Rxd1+ 19. Qxd1 Bg7 20. Nd5 Qd7 21. Nxe7 Qxe7 22. Qe2 Rd8 23. Be3 Bf8 24. Rd1 Qc7 25. f3 Rxd1+ 26. Bxd1 Qa5 27. Qd3 c4 28. Qe2 Bc5 29. Bxc5 Qxc5+ 30. Kf1 Kc7 31. Bc2 Qb6 32. Bd1 Qc6 33. g3 Qd6 34. Bc2 Qd7 35. Qf2 Qd6 36. Qe2 Qc5 37. Bd1 f6 38. Bc2 Bf7 39. Qd2 Qb6 40. Bb1 Qb3 41. Qc1 Qxa4 42. Bc2 Qc6 43. f4 Qd7 44. fxe5 fxe5 45. Qe3 b6 46. Qf2 Be6 47. Qe2 b5 48. Qh2 Qf7+ 49. Ke1 Qf3 50. Qg1 Kb7 51. Qc5 Qxg3+ 52. Kf1 Qf4+ 53. Ke1 Qf6 54. Qd6 Qf7 55. Qxe5 Bxg4 56. Qd4 Qd7 57. Qf6 Qc7 58. e5 Qc6 59. Qe7+ Qd7 60. Qf6 Qc6 61. Qe7+ Kb6 62. Qd8+ Ka7 63. Qe7+ Kb8 64. Qd8+ Qc8 65. Qb6+ Qb7 66. Qd8+ Ka7 67. Qd4+ Qb6 68. Qxg4 Qe3+ 69. Qe2 Qxe2+ 70. Kxe2 Kb7 71. Kf3 Kc7 72. Kg4 Kd8 73. Be4 Ke7 74. Bb7 a5 75. Ba6 Ke6 76. Bxb5 Kxe5 77. Bxc4 Kd6 78. b3 Kc5 79. Bf7 Kb5 80. Kh5 Kc5 81. Be6 Kd6 82. Bg4 Kc5 83. Kxh6 Kb6 84. Kxg5 Kc5 85. Bd7 Kd6 86. Ba4 Kc5 87. Kf4 Kd6 88. Ke4 Kc5 89. Ke5 Kb6 90. Kd6 Ka6 91. Kc5 Ka7 92. c4 Ka6 93. Kc6 Ka7 94. Kb5 1-0

[Event "GER-ch U25-A"]
[Site "Willingen"]
[Date "2019.06.09"]
[Round "2"]
[White "Flach, Helene"]
[Black "Bajorski, Marius"]
[Result "1/2-1/2"]
[WhiteElo "1829"]
[BlackElo "1967"]
[PlyCount "40"]
[EventDate "2019.06.08"]
[EventType "swiss"]
[EventRounds "9"]
[EventCountry "GER"]
[SourceTitle "CBM 191 Extra"]
[Source "ChessBase"]
[SourceDate "2019.09.30"]
[SourceVersion "1"]
[SourceVersionDate "2019.09.30"]
[SourceQuality "1"]

1. e4 c5 2. Nf3 a6 3. c3 d5 4. exd5 Qxd5 5. d4 Nf6 6. h3 e6 7. Be3 cxd4 8. cxd4 Nc6 9. Nc3 Qd6 10. Bd3 Be7 11. 0-0 0-0 12. a3 b5 13. Rc1 Bb7 14. Qe2 b4 15. Ne4 Nxe4 16. Bxe4 Rab8 17. a4 Na5 18. Bxb7 Nxb7 19. Ne5 Rbc8 20. Rfd1 Na5 1/2-1/2

[Event "Heusenstamm Sparkassen op-A 5th"]
[Site "Heusenstamm"]
[Date "2018.11.25"]
[Round "6"]
[White "Flach, Helene"]
[Black "Stork, Christopher"]
[Result "0-1"]
[WhiteElo "1849"]
[BlackElo "1721"]
[PlyCount "76"]
[EventDate "2018.11.22"]
[EventType "swiss"]
[EventRounds "7"]
[EventCountry "GER"]
[SourceTitle "CBM 188 Extra"]
[Source "ChessBase"]
[SourceDate "2019.02.26"]
[SourceVersion "1"]
[SourceVersionDate "2019.02.26"]
[SourceQuality "1"]

1. e4 c5 2. Nf3 Nc6 3. d4 cxd4 4. Nxd4 g6 5. c4 Bg7 6. Be3 Nf6 7. Nc3 d6 8. Be2 0-0 9. 0-0 Bd7 10. h3 Rc8 11. Qc2 Nxd4 12. Bxd4 Bc6 13. Rad1 Qa5 14. b3 Rfd8 15. Rfe1 a6 16. Qd3 e6 17. Qe3 Qa3 18. Nb1 Qxa2 19. Rd2 Qa5 20. Bb6 Qb4 21. Bxd8 Rxd8 22. Bf3 Nd7 23. Red1 Ne5 24. Be2 Bf8 25. Ra2 Nd7 26. Nd2 Nc5 27. Rb1 Bg7 28. Bd3 Bc3 29. f3 e5 30. Kf1 Ne6 31. Be2 Nf4 32. Bd1 Bd4 33. Qe1 Nd3 34. Qh4 Re8 35. Be2 Nf4 36. g3 Ne6 37. Kg2 Be3 38. Nf1 Bg5 0-1

[Event "Heusenstamm Sparkassen op-A 5th"]
[Site "Heusenstamm"]
[Date "2018.11.22"]
[Round "1"]
[White "Wortmann, Klaus Peter"]
[Black "Flach, Helene"]
[Result "1-0"]
[WhiteElo "2097"]
[BlackElo "1849"]
[PlyCount "49"]
[EventDate "2018.11.22"]
[EventType "swiss"]
[EventRounds "7"]
[EventCountry "GER"]
[SourceTitle "CBM 188 Extra"]
[Source "ChessBase"]
[SourceDate "2019.02.26"]
[SourceVersion "1"]
[SourceVersionDate "2019.02.26"]
[SourceQuality "1"]

1. d4 d5 2. c4 e6 3. Nf3 Nf6 4. Nc3 Be7 5. Bf4 0-0 6. e3 c5 7. Be2 Nc6 8. dxc5 Bxc5 9. 0-0 dxc4 10. Bxc4 a6 11. a3 b5 12. Ba2 Bb7 13. Qe2 h6 14. Rfd1 Qb6 15. b4 Be7 16. e4 Rac8 17. Rac1 Ba8 18. e5 Ne8 19. Bb1 Na7 20. Be3 Qb8 21. Qd3 f5 22. Qd7 Bxf3 23. Qxe6+ Kh8 24. gxf3 Nc6 25. f4 1-0

[Event "BL2 Sued 1718 (Women)"]
[Site "Germany"]
[Date "2018.01.28"]
[Round "5.4"]
[White "Flach, Helene"]
[Black "Woniak, Katarzyna"]
[Result "1/2-1/2"]
[WhiteElo "1862"]
[BlackElo "1945"]
[PlyCount "60"]
[EventDate "2017.10.14"]
[EventType "team-tourn"]
[EventRounds "7"]
[EventCountry "GER"]
[SourceTitle "EXT 2019"]
[Source "ChessBase"]
[SourceDate "2018.10.10"]
[SourceVersion "1"]
[SourceVersionDate "2018.10.10"]
[SourceQuality "1"]
[WhiteTeam "Langen (W)"]
[BlackTeam "Augsburg SG (W)"]
[WhiteTeamCountry "GER"]
[BlackTeamCountry "GER"]

1. e4 g6 2. d4 Bg7 3. Nf3 c6 4. Nc3 d5 5. h3 e6 6. exd5 exd5 7. Bd3 Ne7 8. 0-0 0-0 9. Bf4 Bf5 10. Re1 Bxd3 11. Qxd3 Nf5 12. Ne2 Na6 13. Ng3 Nxg3 14. Bxg3 Nc7 15. Be5 Ne6 16. Bxg7 Kxg7 17. Re5 Qb6 18. b3 a5 19. a4 Rae8 20. Rae1 Nc7 21. Rxe8 Rxe8 22. Rxe8 Nxe8 23. Qe3 Qd8 24. Qe5+ Nf6 25. Kf1 Kg8 26. Qf4 Ne4 27. Ne5 Qe7 28. f3 Nd6 29. Kf2 Nf5 30. Nd3 Nd6 1/2-1/2

[Event "BL2 Sued 1718 (Women)"]
[Site "Germany"]
[Date "2018.01.27"]
[Round "4.4"]
[White "Ley, Sabrina"]
[Black "Flach, Helene"]
[Result "1/2-1/2"]
[WhiteElo "1965"]
[BlackElo "1862"]
[PlyCount "79"]
[EventDate "2017.10.14"]
[EventType "team-tourn"]
[EventRounds "7"]
[EventCountry "GER"]
[SourceTitle "EXT 2019"]
[Source "ChessBase"]
[SourceDate "2018.10.10"]
[SourceVersion "1"]
[SourceVersionDate "2018.10.10"]
[SourceQuality "1"]
[WhiteTeam "Stuttgart Wolfbusch (W)"]
[BlackTeam "Langen (W)"]
[WhiteTeamCountry "GER"]
[BlackTeamCountry "GER"]

1. e4 c5 2. Nc3 e6 3. Bc4 a6 4. a4 b6 5. f4 Bb7 6. Nf3 d6 7. d3 Nc6 8. 0-0 Nge7 9. Qe1 g6 10. f5 gxf5 11. exf5 d5 12. Ba2 Nxf5 13. Bxd5 Be7 14. Ba2 Ncd4 15. Nxd4 Qxd4+ 16. Qf2 Rg8 17. Ne4 Bxe4 18. dxe4 Qxe4 19. Bf4 0-0-0 20. c3 Bd6 21. Bxd6 Rxd6 22. Rae1 Qc6 23. Bb1 Rd5 24. Be4 Qd7 25. Bxd5 Qxd5 26. Qf3 Qxf3 27. Rxf3 Rg4 28. b3 Kc7 29. g3 h5 30. Kf2 Kc6 31. Rg1 Nd6 32. h3 Rg5 33. Rd1 f5 34. Rg1 c4 35. b4 Ne4+ 36. Ke2 Nf6 37. Re1 Ne4 38. Rg1 Nf6 39. Re1 Ne4 40. Rg1 1/2-1/2

[Event "Korbach op 9th"]
[Site "Korbach"]
[Date "2017.10.21"]
[Round "5"]
[White "Flach, Helene"]
[Black "Meyer, Marcel"]
[Result "1/2-1/2"]
[WhiteElo "1862"]
[BlackElo "1740"]
[PlyCount "43"]
[EventDate "2017.10.19"]
[EventType "swiss"]
[EventRounds "7"]
[EventCountry "GER"]
[SourceTitle "CBM 181 Extra"]
[Source "ChessBase"]
[SourceDate "2017.12.12"]
[SourceVersion "1"]
[SourceVersionDate "2017.12.12"]
[SourceQuality "1"]

1. e4 c6 2. d4 d5 3. Nc3 dxe4 4. Nxe4 Bf5 5. Ng3 Bg6 6. Nf3 e6 7. Bd3 Bxd3 8. Qxd3 Nd7 9. 0-0 Qc7 10. c4 Ngf6 11. Re1 Bb4 12. Bd2 Bxd2 13. Qxd2 0-0 14. Rad1 Rad8 15. Qc2 Qa5 16. b3 Rfe8 17. Rd2 Nf8 18. Red1 Ng6 19. Ne4 Qf5 20. Nxf6+ Qxf6 21. Qe4 Qf4 22. Qxf4 1/2-1/2

[Event "Korbach op 9th"]
[Site "Korbach"]
[Date "2017.10.20"]
[Round "2"]
[White "Hildebrand, Georg"]
[Black "Flach, Helene"]
[Result "1-0"]
[WhiteElo "1477"]
[BlackElo "1862"]
[PlyCount "61"]
[EventDate "2017.10.19"]
[EventType "swiss"]
[EventRounds "7"]
[EventCountry "GER"]
[SourceTitle "CBM 181 Extra"]
[Source "ChessBase"]
[SourceDate "2017.12.12"]
[SourceVersion "1"]
[SourceVersionDate "2017.12.12"]
[SourceQuality "1"]

1. c4 e6 2. d4 d5 3. Nf3 Be7 4. c5 b6 5. b4 a5 6. Bd2 axb4 7. Bxb4 Nc6 8. Ba3 bxc5 9. Bxc5 Bxc5 10. dxc5 Qf6 11. Nbd2 Qb2 12. e3 Nb4 13. Bb5+ Bd7 14. Bxd7+ Kxd7 15. 0-0 Rxa2 16. Rxa2 Qxa2 17. Ne5+ Ke8 18. Qe2 Qa4 19. Qg4 g6 20. Rb1 f6 21. Qxe6+ Ne7 22. Rxb4 Qxb4 23. Qd7+ Kf8 24. Qd8+ Kg7 25. Qxe7+ Kh6 26. Nf7+ Kh5 27. Nf1 Rg8 28. Ng3+ Kg4 29. h3+ Kh4 30. Qxf6+ g5 31. Qh6# 1-0

[Event "GER-chT Lands U20"]
[Site "Hannover"]
[Date "2017.10.02"]
[Round "4.7"]
[White "Flach, Helene"]
[Black "Moeller, Lisa Marie"]
[Result "1-0"]
[WhiteElo "1816"]
[BlackElo "1813"]
[PlyCount "149"]
[EventDate "2017.09.29"]
[EventType "team-swiss"]
[EventRounds "7"]
[EventCountry "GER"]
[SourceTitle "EXT 2018"]
[Source "ChessBase"]
[SourceDate "2017.10.13"]
[SourceVersion "1"]
[SourceVersionDate "2017.10.13"]
[SourceQuality "1"]
[WhiteTeam "Hessen U20"]
[BlackTeam "Nordrhein Westfalen U20"]
[WhiteTeamCountry "GER"]
[BlackTeamCountry "GER"]

1. e4 c5 2. Nf3 e6 3. d4 cxd4 4. Nxd4 a6 5. Bd3 b5 6. a4 b4 7. 0-0 Qb6 8. Nb3 Bb7 9. c3 Nf6 10. Be3 Qc7 11. N3d2 a5 12. Kh1 Be7 13. cxb4 Bxb4 14. f3 0-0 15. Na3 Bxa3 16. Rxa3 Ba6 17. Rc3 Qb7 18. Bxa6 Qxa6 19. Qc1 Nc6 20. Nb3 Nb4 21. Qd1 d6 22. Nd4 Rac8 23. Nb5 d5 24. Bc5 Rfd8 25. e5 Ne8 26. Bxb4 axb4 27. Rxc8 Rxc8 28. b3 Qb6 29. Qd2 Qc5 30. h3 h6 31. f4 Kh7 32. Kh2 g6 33. Rf3 Ng7 34. Rf2 Nf5 35. g4 Ng7 36. Kg2 Rd8 37. Qd4 Rc8 38. Qd3 Kg8 39. Rd2 Kf8 40. Qd4 Ke7 41. Qxc5+ Rxc5 42. Rd4 Ne8 43. Rxb4 Nc7 44. Nd4 f6 45. Rb7 fxe5 46. fxe5 Ke8 47. Rb6 Ke7 48. Rc6 Rxc6 49. Nxc6+ Kd7 50. Nd4 Na6 51. Kf2 Nb4 52. Ke2 Ke7 53. Kd2 Na6 54. Kc3 Nc5 55. h4 Kd7 56. Nf3 Kc6 57. a5 Kb5 58. b4 Ne4+ 59. Kb3 Nf2 60. g5 hxg5 61. hxg5 Nd3 62. Nd4+ Ka6 63. Nxe6 Nxe5 64. Nc7+ Kb7 65. Nxd5 Nf3 66. b5 Nxg5 67. a6+ Ka7 68. Kb4 Ne6 69. Ka5 Nd8 70. Ne7 Ka8 71. Nxg6 Ka7 72. Ne5 Ka8 73. Nc6 Nf7 74. b6 Nd6 75. Kb4 1-0

[Event "GER-chT Lands U20"]
[Site "Hannover"]
[Date "2017.10.01"]
[Round "2.7"]
[White "Flach, Helene"]
[Black "Ziegenfuss, Antonia"]
[Result "0-1"]
[WhiteElo "1816"]
[BlackElo "1899"]
[PlyCount "50"]
[EventDate "2017.09.29"]
[EventType "team-swiss"]
[EventRounds "7"]
[EventCountry "GER"]
[SourceTitle "EXT 2018"]
[Source "ChessBase"]
[SourceDate "2017.10.13"]
[SourceVersion "1"]
[SourceVersionDate "2017.10.13"]
[SourceQuality "1"]
[WhiteTeam "Hessen U20"]
[BlackTeam "Baden U20"]
[WhiteTeamCountry "GER"]
[BlackTeamCountry "GER"]

1. e4 c5 2. Nf3 e6 3. d4 cxd4 4. Nxd4 Nf6 5. Nc3 Nc6 6. Ndb5 Bc5 7. Bg5 Qb6 8. Bh4 a6 9. Na4 Qa5+ 10. c3 Be7 11. Bxf6 gxf6 12. Nd4 b5 13. Nxc6 dxc6 14. Qf3 bxa4 15. Be2 Bb7 16. 0-0 0-0-0 17. b4 Qg5 18. Rab1 Rhg8 19. Rfe1 f5 20. Bf1 f4 21. Qe2 Qe5 22. c4 Qc3 23. Rec1 f3 24. Rxc3 fxe2 25. Bxe2 c5 0-1

[Event "GER-chT Lands U20"]
[Site "Hannover"]
[Date "2017.10.01"]
[Round "3.7"]
[White "Koenze, Heike"]
[Black "Flach, Helene"]
[Result "1/2-1/2"]
[WhiteElo "1770"]
[BlackElo "1816"]
[PlyCount "93"]
[EventDate "2017.09.29"]
[EventType "team-swiss"]
[EventRounds "7"]
[EventCountry "GER"]
[SourceTitle "EXT 2018"]
[Source "ChessBase"]
[SourceDate "2017.10.13"]
[SourceVersion "1"]
[SourceVersionDate "2017.10.13"]
[SourceQuality "1"]
[WhiteTeam "Sachsen U20"]
[BlackTeam "Hessen U20"]
[WhiteTeamCountry "GER"]
[BlackTeamCountry "GER"]

1. e4 c5 2. Nf3 e6 3. d4 cxd4 4. Nxd4 a6 5. Bd3 Qc7 6. Nc3 Nf6 7. Bd2 d6 8. 0-0 Nbd7 9. Nb3 Be7 10. f4 b5 11. Qf3 Bb7 12. Rae1 0-0 13. Qh3 g6 14. Kh1 Rfd8 15. f5 e5 16. fxg6 hxg6 17. Bg5 Re8 18. Rf3 Nh7 19. Bxe7 Rxe7 20. Qh6 Ndf8 21. Nd5 Bxd5 22. exd5 f5 23. Rf2 Rg7 24. c3 Qd8 25. Qd2 Nf6 26. h3 Rh7 27. Kg1 Nh5 28. Bf1 Nd7 29. c4 bxc4 30. Bxc4 Nf4 31. Bf1 Nf6 32. Rxf4 exf4 33. Re6 Rg7 34. Qxf4 Ne4 35. Bd3 Qb6+ 36. Kh2 Nc5 37. Nxc5 Qxc5 38. Qxd6 Qxd6+ 39. Rxd6 a5 40. b3 Kh7 41. Kg3 Raa7 42. Kf4 Rgf7 43. Ra6 Rxa6 44. Bxa6 Ra7 45. Bb5 Kg7 46. d6 Kf6 47. a4 1/2-1/2

[Event "Vellmar op 9th"]
[Site "Vellmar"]
[Date "2017.07.15"]
[Round "5"]
[White "Ernst, Rolf"]
[Black "Flach, Helene"]
[Result "1-0"]
[WhiteElo "1974"]
[BlackElo "1819"]
[PlyCount "81"]
[EventDate "2017.07.13"]
[EventType "swiss"]
[EventRounds "7"]
[EventCountry "GER"]
[SourceTitle "CBM 179 Extra"]
[Source "ChessBase"]
[SourceDate "2017.08.23"]
[SourceVersion "1"]
[SourceVersionDate "2017.08.23"]
[SourceQuality "1"]

1. d4 d5 2. c4 e6 3. Nc3 Be7 4. Bf4 Nf6 5. e3 0-0 6. Bd3 Nbd7 7. Nf3 b6 8. cxd5 exd5 9. 0-0 Bb7 10. Nb5 Ne8 11. Qc2 c6 12. Nc3 Nef6 13. Ne5 c5 14. Rad1 h6 15. Qe2 Re8 16. Qf3 c4 17. Bb1 a6 18. Nxc4 Nf8 19. Ne5 Ne6 20. h3 Nxf4 21. exf4 Rc8 22. Qd3 Bf8 23. g4 g6 24. f3 Qd6 25. Rfe1 Bg7 26. Kg2 Rcd8 27. Qd2 Bc8 28. Ne2 Bd7 29. Ng3 Re7 30. h4 Nh7 31. Re3 Rde8 32. Rde1 Kf8 33. g5 hxg5 34. hxg5 Kg8 35. Bd3 a5 36. a3 Nf8 37. R3e2 Nh7 38. Rh1 Bxe5 39. fxe5 Qe6 40. Kf1 Kg7 41. Reh2 1-0

[Event "Vellmar op 9th"]
[Site "Vellmar"]
[Date "2017.07.14"]
[Round "2"]
[White "Flach, Helene"]
[Black "Wolff, Michael"]
[Result "1/2-1/2"]
[WhiteElo "1819"]
[BlackElo "1993"]
[PlyCount "69"]
[EventDate "2017.07.13"]
[EventType "swiss"]
[EventRounds "7"]
[EventCountry "GER"]
[SourceTitle "CBM 179 Extra"]
[Source "ChessBase"]
[SourceDate "2017.08.23"]
[SourceVersion "1"]
[SourceVersionDate "2017.08.23"]
[SourceQuality "1"]

1. e4 c5 2. Nf3 Nc6 3. d4 cxd4 4. Nxd4 Nf6 5. Nc3 e5 6. Ndb5 d6 7. Bg5 a6 8. Na3 b5 9. Nd5 Be7 10. Bxf6 Bxf6 11. c3 0-0 12. Nc2 Rb8 13. Ncb4 Nxb4 14. Nxb4 Bb7 15. Nd5 Bg5 16. Be2 b4 17. Nxb4 a5 18. Nd5 Bxd5 19. Qxd5 Rxb2 20. Rd1 Qb6 21. Qc4 g6 22. 0-0 Kg7 23. Bd3 Rb8 24. Qd5 Qc7 25. Bc4 Rc8 26. Bb3 a4 27. Bxa4 Qxc3 28. Bb3 Qc7 29. Qxd6 Qxd6 30. Rxd6 Rd2 31. Rb6 Bd8 32. Rb7 Rc7 33. Rb5 f6 34. h3 Be7 35. Ra5 1/2-1/2

[Event "GER-chT Federal Cup (Women)"]
[Site "Braunfels"]
[Date "2017.06.18"]
[Round "5.3"]
[White "Ambartsumova, Karina"]
[Black "Flach, Helene"]
[Result "1-0"]
[WhiteElo "2318"]
[BlackElo "1870"]
[PlyCount "59"]
[EventDate "2017.06.15"]
[EventType "team-swiss"]
[EventRounds "5"]
[EventCountry "GER"]
[SourceTitle "CBM 179 Extra"]
[Source "ChessBase"]
[SourceDate "2017.08.23"]
[SourceVersion "1"]
[SourceVersionDate "2017.08.23"]
[SourceQuality "1"]
[WhiteTeam "Wuerttemberg (W)"]
[BlackTeam "Hessen (W) II"]
[WhiteTeamCountry "GER"]
[BlackTeamCountry "GER"]

1. d4 d5 2. Nf3 Nf6 3. Bf4 e6 4. e3 c5 5. c3 Nc6 6. Nbd2 Bd7 7. Bd3 Be7 8. 0-0 0-0 9. Ne5 Be8 10. Qf3 Nd7 11. Nxc6 bxc6 12. e4 Bg5 13. e5 Bxf4 14. Qxf4 f5 15. dxc5 Nxc5 16. Bc2 Bh5 17. Rfe1 Nd7 18. b4 Qe7 19. Nb3 Rfc8 20. Bd3 Rc7 21. Rac1 Rd8 22. a3 c5 23. Bb5 c4 24. Nd4 Nb8 25. Nxe6 Qxe6 26. Qg5 Rf8 27. Qxh5 f4 28. Qf3 Rcf7 29. Rcd1 Rd8 30. Bxc4 1-0

[Event "GER-ch U16 Girls"]
[Site "Willingen"]
[Date "2017.06.05"]
[Round "3"]
[White "Flach, Helene"]
[Black "Walow, Xenia"]
[Result "1/2-1/2"]
[WhiteElo "1794"]
[BlackElo "1732"]
[PlyCount "49"]
[EventDate "2017.06.04"]
[EventType "swiss"]
[EventRounds "9"]
[EventCountry "GER"]
[SourceTitle "CBM 178 Extra"]
[Source "ChessBase"]
[SourceDate "2017.06.22"]
[SourceVersion "1"]
[SourceVersionDate "2017.06.22"]
[SourceQuality "1"]

1. e4 c5 2. Nf3 d6 3. c3 Nf6 4. Be2 Nbd7 5. d3 e6 6. 0-0 Be7 7. Nbd2 0-0 8. Re1 a6 9. d4 cxd4 10. cxd4 b5 11. Bd3 Bb7 12. Nf1 Rc8 13. Ng3 Nb6 14. Qe2 Nc4 15. Bf4 Qd7 16. Rac1 Nb6 17. Bb1 Rc6 18. Rxc6 Qxc6 19. Rc1 Qd7 20. b3 Rc8 21. Rxc8+ Qxc8 22. Qd3 g6 23. h3 Bf8 24. Qd2 Nbd7 25. Qd3 1/2-1/2

[Event "GER-ch U16 Girls"]
[Site "Willingen"]
[Date "2017.06.04"]
[Round "2"]
[White "Reitz, Theresa"]
[Black "Flach, Helene"]
[Result "1/2-1/2"]
[WhiteElo "1690"]
[BlackElo "1794"]
[PlyCount "70"]
[EventDate "2017.06.04"]
[EventType "swiss"]
[EventRounds "9"]
[EventCountry "GER"]
[SourceTitle "CBM 178 Extra"]
[Source "ChessBase"]
[SourceDate "2017.06.22"]
[SourceVersion "1"]
[SourceVersionDate "2017.06.22"]
[SourceQuality "1"]

1. e4 c5 2. Nc3 e6 3. f4 a6 4. Be2 b5 5. Bf3 Bb7 6. d3 d6 7. Nge2 Nc6 8. 0-0 Qc7 9. Kh1 Nf6 10. Ng3 Be7 11. Be3 0-0 12. f5 Rac8 13. Bg5 Ne5 14. Bxf6 Bxf6 15. Bg4 Qe7 16. Nh5 Rcd8 17. Nxf6+ gxf6 18. Bh3 Kh8 19. Qh5 Rg8 20. Rf4 Rg5 21. Qh6 Rdg8 22. Raf1 Nd7 23. Ne2 d5 24. Ng3 dxe4 25. Rh4 Nf8 26. Nxe4 Bxe4 27. Rxe4 e5 28. Qh4 Nd7 29. Qf2 Nb8 30. g3 Nc6 31. c3 Qd6 32. Rd1 Rd8 33. Bg2 Ne7 34. Bh3 Nc6 35. Bg2 Ne7 1/2-1/2